Countries Producing the Most Asparagus (2012) - Statistics

General Stats
  • This quiz has been taken 1,068 times
  • The average score is 14 of 20
Answer Stats
Tonnes x 1000 Country % Correct
35 United States
97%
7350 China
95%
20 France
91%
45 Spain
89%
102 Germany
88%
30 Italy
88%
5 United Kingdom
87%
120 Mexico
85%
6 Canada
83%
11 Argentina
75%
11 Australia
74%
30 Japan
73%
12 Chile
69%
10 Greece
66%
377 Peru
63%
16 Netherlands
59%
20 Iran
48%
65 Thailand
41%
5 Hungary
34%
6 Bulgaria
30%
No matching quizzes found
Score Distribution
Percent of People with Each Score
Percentile by Number Answered
Your Score History
You have not taken this quiz